000 00318nam a2200121Ia 4500
008 240624s9999 xx 000 0 und d
041 _aeng
082 _a004.6 MIK
100 _aMIKALSEN ARNE
245 _aLOCAL AREA NETWORKS MANAGEMENT DESIGN AN
260 _c2002
_aNew Delhi
_bWiley Dreamtech India
300 _axv, : 444
999 _c953
_d953